000 00578nam a2200205 a 4500
005 20210223125115.0
008 030911s1982 es r 000 0 spa d
020 _a8437210879
035 _aUPN01000128776
049 _aI
050 4 _aGV840 S8
_bV4.3a
100 1 _aVera González, A.
_937067
245 1 0 _aMi afición al mar /
_cA. Vera González.
260 _aMadrid :
_bAltea,
_c1982.
300 _a112 p. :
_bil.
440 0 _aEnciclopedia de las aficiones ;
_v5
650 4 _aDEPORTES ACUATICOS
_912185
650 4 _aCONSTRUCCION DE BOTES
_99308
905 _aInfantil
999 _c100953
_d100953